Metodología de la investigación : (Registro nro. 3871)
[ vista simple ]
| 000 -LEADER | |
|---|---|
| campo de control de longitud fija | 00722nam a22002057a 4500 |
| 005 - FECHA Y HORA DE LA ÚLTIMA TRANSACCIÓN | |
| campo de control | 20241014144020.0 |
| 008 - DATOS DE LONGITUD FIJA--INFORMACIÓN GENERAL | |
| campo de control de longitud fija | 241014b |||||||| |||| 00| 0 sp d |
| 040 ## - FUENTE DE CATALOGACIÓN | |
| Centro catalogador/agencia de origen | ECC |
| Lengua de catalogación | spa |
| Centro/agencia transcriptor | ECC |
| Centro/agencia modificador | ECC |
| Normas de descripción | RCA2 |
| 082 ## - NÚMERO DE LA CLASIFICACIÓN DECIMAL DEWEY | |
| Número de clasificación | 001.42 C114 |
| 100 ## - ENTRADA PRINCIPAL--NOMBRE DE PERSONA | |
| Nombre de persona | Cabezas, Horacio |
| 9 (RLIN) | 1166 |
| 245 ## - MENCIÓN DEL TÍTULO | |
| Título | Metodología de la investigación : |
| Resto del título | guía práctica para elaborar informes de investigación / |
| Mención de responsabilidad, etc. | Horacio Cabezas. -- |
| 260 ## - PUBLICACIÓN, DISTRIBUCIÓN, ETC. | |
| Lugar de publicación, distribución, etc. | Guatemla : |
| Nombre del editor, distribuidor, etc. | Editorial Piedra Santa, |
| Fecha de publicación, distribución, etc. | 2000 |
| 300 ## - DESCRIPCIÓN FÍSICA | |
| Extensión | 98 p. : |
| Otras características físicas | il. ; |
| Dimensiones | 21 cm. |
| 504 ## - NOTA DE BIBLIOGRAFÍA, ETC. | |
| Nota de bibliografía, etc. | Bibliografía: p. 91-95 |
| 650 ## - PUNTO DE ACCESO ADICIONAL DE MATERIA--TÉRMINO DE MATERIA | |
| Término de materia o nombre geográfico como elemento de entrada | Investigación |
| Subdivisión general | Metodología |
| 9 (RLIN) | 1012 |
| 650 ## - PUNTO DE ACCESO ADICIONAL DE MATERIA--TÉRMINO DE MATERIA | |
| Término de materia o nombre geográfico como elemento de entrada | Proyectos de investigación |
| 9 (RLIN) | 534 |
| 650 ## - PUNTO DE ACCESO ADICIONAL DE MATERIA--TÉRMINO DE MATERIA | |
| Término de materia o nombre geográfico como elemento de entrada | Investigación científica |
| 9 (RLIN) | 625 |
| 942 ## - ELEMENTOS DE ENTRADA SECUNDARIOS (KOHA) | |
| Fuente del sistema de clasificación o colocación | Clasificación Decimal Dewey |
| Tipo de ítem Koha | Libros |
| Prefijo de la signatura | 001.42 C114 |
| Suprimir en OPAC | No |
| Estatus retirado | Estado de pérdida | Fuente del sistema de clasificación o colocación | Estado de daño | No para préstamo | Biblioteca de origen | Biblioteca actual | Ubicación en estantería | Fecha de adquisición | Fuente de adquisición | Total de préstamos | Signatura topográfica completa | Visto por última vez | Tipo de ítem Koha | Número de inventario | Código de barras | Copia número |
|---|---|---|---|---|---|---|---|---|---|---|---|---|---|---|---|---|
| Clasificación Decimal Dewey | Biblioteca Flavio Herrera, Escuela Ciencias de la Comunicación | Biblioteca Flavio Herrera, Escuela Ciencias de la Comunicación | Colección general | 28/08/2000 | Compra | 001.42 C114 | 14/10/2024 | Libros | ||||||||
| Clasificación Decimal Dewey | Biblioteca Flavio Herrera, Escuela Ciencias de la Comunicación | Biblioteca Flavio Herrera, Escuela Ciencias de la Comunicación | Colección general | 24/04/2002 | Compra | 001.42 C114 | 14/10/2024 | Libros | 17-H-4298-01 | 16L000034 | 2 | |||||
| Clasificación Decimal Dewey | Biblioteca Flavio Herrera, Escuela Ciencias de la Comunicación | Biblioteca Flavio Herrera, Escuela Ciencias de la Comunicación | Colección general | 24/04/2002 | Compra | 001.42 C114 | 14/10/2024 | Libros | 17-H-4297-01 | 16L000035 | 3 |

